Vincent Desiderio (Record no. 10524)
[ view plain ]
| 000 - LÍDER | |
|---|---|
| campo de control de longitud fija | 01162nam a2200229Ia 4500 |
| 008 - ELEMENTOS DE DATOS DE LONGITUD FIJA - INFORMACIÓN GENERAL | |
| campo de control de longitud fija | 0000002002 usad 0000000000eng00 |
| 090 ## - NÚMERO DE LLAMADA DE TIPO LC LOCALMENTE ASIGNADO (OCLC) | |
| Número de clasificación (OCLC) (R) | PUS00 D27v2 |
| 100 1# - ENTRADA PRINCIPAL - NOMBRE PERSONAL | |
| Nombre de la persona | Desiderio, Vincent |
| Fechas asociadas a un nombre | 1955 |
| 245 10 - TÍTULO DECLARACIÓN | |
| Título | Vincent Desiderio |
| Resto del título | : oil on paper |
| 260 ## - PUBLICACIÓN, DISTRIBUCIÓN | |
| Lugar de publicación | New York : Marlborough |
| Fecha de publicación | 2002 |
| 300 ## - DESCRIPCIÓN FÍSICA | |
| Alcance | [10] p. |
| Dimensiones | / 30 cm. |
| 500 ## - NOTA GENERAL | |
| Nota general | Exposición realizada en Marlborough, New York, enero 8 a febrero 2 de 2002 \ Incluye datos biográficos del artista \ Registro auspiciado por la FGAA. Bogotá |
| 505 ## - NOTA DE CONTENIDO FORMATEADA | |
| Nota sobre el contenido formateado | OBRAS : Landscape. Panel (Figure). Untitled (The dream). Blue Samuel. Nike. Untitled (Boy lying down). Untitled (Rear view male). The bustle in the house. Sleeping boy. Untitled (Mirror with two women). Untilted (Triptich: water, head, Xray). Untitled (Diptych: baby, bowl. Untiltled (Reclining Sam) |
| 600 00 - ENTRADA DE SUJETO AÑADIDO - NOMBRE PERSONAL | |
| Nombre de la persona | DESIDERIO, VINCENT, 1955/ |
| Subdivisión general | TRABAJOS PICTORICOS |
| 650 14 - ENTRADA DE SUJETO AÑADIDO - TÉRMINO TÓPICO | |
| Término tópico o elemento de entrada del nombre geográfico | ARTE CONTEMPORANEO ESTADOUNIDENSE |
| 650 14 - ENTRADA DE SUJETO AÑADIDO - TÉRMINO TÓPICO | |
| Término tópico o elemento de entrada del nombre geográfico | ARTISTAS PLASTICOS ESTADOUNIDENSES |
| 650 14 - ENTRADA DE SUJETO AÑADIDO - TÉRMINO TÓPICO | |
| Subdivisión general | CATALOGOS |
| 650 14 - ENTRADA DE SUJETO AÑADIDO - TÉRMINO TÓPICO | |
| Subdivisión general | EXPOSICIONES |
| 650 14 - ENTRADA DE SUJETO AÑADIDO - TÉRMINO TÓPICO | |
| Término tópico o elemento de entrada del nombre geográfico | PINTORES ESTADOUNIDENSES |
| 650 14 - ENTRADA DE SUJETO AÑADIDO - TÉRMINO TÓPICO | |
| Término tópico o elemento de entrada del nombre geográfico | PINTURA AL OLEO |
| 650 14 - ENTRADA DE SUJETO AÑADIDO - TÉRMINO TÓPICO | |
| Término tópico o elemento de entrada del nombre geográfico | PINTURA ESTADOUNIDENSE |
| Estado de retirada | Pérdida de estatus | Estado dañado | No para préstamo | Código de recogida | Ubicación permanente | Ubicación actual | Ubicación de las estanterías | Fecha de adquisición | Número de llamada completo | Código de barras | Fecha de la última vez que se vio | Número de copia | Precio efectivo desde | Tipo de artículo Koha |
|---|---|---|---|---|---|---|---|---|---|---|---|---|---|---|
| General | ArtNexus | ArtNexus | General | 06/09/2022 | P-US-00 D27V2 | 10621 | 06/09/2022 | Ej.1 | 06/09/2022 | Libro |